000 00145nam a22000857a 4500
020 _a9789382607274
082 _aK200
245 _aSHIVA
942 _cBK
999 _c5002
_d5002